Battery management systems : (Record no. 15468)

MARC details
000 -LEADER
fixed length control field 02185nam a22002897a 4500
001 - CONTROL NUMBER
control field 11469
003 - CONTROL NUMBER IDENTIFIER
control field IN-BhIIT
005 - DATE AND TIME OF LATEST TRANSACTION
control field 20260319151634.0
008 - FIXED-LENGTH DATA ELEMENTS--GENERAL INFORMATION
fixed length control field 260319b |||||||| |||| 00| 0 eng d
020 ## - INTERNATIONAL STANDARD BOOK NUMBER
ISBN 9789402417876
040 ## - CATALOGING SOURCE
Original cataloging agency IN-BhIIT
041 ## - LANGUAGE CODE
Language code of text eng
082 00 - DEWEY DECIMAL CLASSIFICATION NUMBER
Classification number 621.31
Book number BER/B
100 1# - MAIN ENTRY--AUTHOR NAME
Personal name Bergveld, Henk Jan.
Relator term Author
245 10 - TITLE STATEMENT
Title Battery management systems :
Sub Title design by modelling /
Statement of responsibility, etc Henk Jan Bergveld, Wanda S. Kruijt and Peter H.L. Notten.
260 ## - PUBLICATION, DISTRIBUTION, ETC. (IMPRINT)
Place of publication Boston :
Name of publisher Kluwer Academic Publishers,
Year of publication 2020.
300 ## - PHYSICAL DESCRIPTION
Number of Pages xxv, 295 p. :
Other physical details(ill.) ill. ;
Dimensions(size) 25 cm.
504 ## - BIBLIOGRAPHY, ETC. NOTE
Bibliography, etc Includes bibliographical references and index.
520 ## - SUMMARY, ETC.
Summary, etc Battery Management Systems - Design by Modelling describes the design of Battery Management Systems (BMS) with the aid of simulation methods. The basic tasks of BMS are to ensure optimum use of the energy stored in the battery (pack) that powers a portable device and to prevent damage inflicted on the battery (pack). This becomes increasingly important due to the larger power consumption associated with added features to portable devices on the one hand and the demand for longer run times on the other hand. In addition to explaining the general principles of BMS tasks such as charging algorithms and State-of-Charge (SoC) indication methods, the book also covers real-life examples of BMS functionality of practical portable devices such as shavers and cellular phones.The contents of Battery Management Systems - Design by Modelling is based on years of research performed at the Philips Research Laboratories. The combination of basic and detailed descriptions of battery behaviour both in chemical and electrical terms makes thisbook truly multidisciplinary. It can therefore be read both by people with an (electro)chemical and an electrical engineering background.
650 #0 - SUBJECT ADDED ENTRY--TOPICAL TERM
Topical Term Battery chargers
General subdivision Computer-aided design.
Topical Term Storage batteries
General subdivision Protection.
Topical Term Power electronics.
700 1# - ADDED ENTRY--PERSONAL NAME
Personal name Kruijt, Wanda S.
Relator term Joint Author
Personal name Notten, P. H. L.
Relator term Joint Author
856 42 - ELECTRONIC LOCATION AND ACCESS
Uniform Resource Identifier http://www.loc.gov/catdir/enhancements/fy0813/2002029690-d.html
942 ## - ADDED ENTRY ELEMENTS (KOHA)
Koha item type Technical Reference Book
Holdings
Withdrawn status Lost status Damaged status Not for loan Collection code Home library Current library Date acquired Source of acquisition Cost, normal purchase price Full call number Accession Number Cost, replacement price Price effective from Koha item type
Not withdrawn Not Lost not damaged   SMS Central Library, IIT Bhubaneswar Central Library, IIT Bhubaneswar 10/03/2026 51 2996.25 621.31 BER/B 11469 3995.00 10/03/2026 Technical Reference Book

Central Library, Indian Institute of Technology Bhubaneswar, 4th Floor, Administrative Building, Argul, Khordha, PIN-752050, Odisha, India
Phone: +91-674-7138750 | Email: circulation.library@iitbbs.ac.in (For circulation related queries),
Email: info.library@iitbbs.ac.in (For other queries)